A survey of the Parish of Sutton St James in Lincolnshire (Record no. 116865)
[ view plain ]
| 000 -LEADER | |
|---|---|
| fixed length control field | 00778cem a22001935a 4500 |
| 001 - CONTROL NUMBER | |
| control field | L140402 |
| 008 - FIXED-LENGTH DATA ELEMENTS--GENERAL INFORMATION | |
| fixed length control field | 070920s1776 xxk a 0 h eng u |
| 035 ## - SYSTEM CONTROL NUMBER | |
| System control number | (Sirsi) u140402 |
| 041 0# - LANGUAGE CODE | |
| Language code of text/sound track or separate title | eng |
| 100 1# - MAIN ENTRY--PERSONAL NAME | |
| Personal name | Walton, W. |
| 245 02 - TITLE STATEMENT | |
| Title | A survey of the Parish of Sutton St James in Lincolnshire |
| Remainder of title | the rectory impropriate whereof together with the advowson of the vicarage belongs to Thomas Leigh Bennett Esq., the survey taken in the year 1776 by W. Walton |
| Medium | [cartographic material] |
| 255 ## - CARTOGRAPHIC MATHEMATICAL DATA | |
| Statement of scale | Scale 1:9504 |
| 260 ## - PUBLICATION, DISTRIBUTION, ETC. | |
| Date of publication, distribution, etc. | 1776 |
| 300 ## - PHYSICAL DESCRIPTION | |
| Extent | 1 ms. map |
| Other physical details | parchment, col. |
| Dimensions | 36 x 47 cm. |
| 500 ## - GENERAL NOTE | |
| General note | A manuscript map with some hand colouring. |
| 651 4# - SUBJECT ADDED ENTRY--GEOGRAPHIC NAME | |
| Geographic name | Lincolnshire |
| 690 ## - LOCAL SUBJECT ADDED ENTRY--TOPICAL TERM (OCLC, RLIN) | |
| Topical term or geographic name as entry element | ENVIRONMENTAL AND LAND CONSULTANCY-GEOMATICS-MAPPING AND POSITIONING-CARTOGRAPHY |
| 942 ## - ADDED ENTRY ELEMENTS (KOHA) | |
| Suppress in OPAC | 0 |
| Withdrawn status | Lost status | Source of classification or shelving scheme | Damaged status | Not for loan | Home library | Current library | Shelving location | Date acquired | Total Checkouts | Full call number | Barcode | Date last seen | Copy number | Price effective from | Koha item type |
|---|---|---|---|---|---|---|---|---|---|---|---|---|---|---|---|
| Dewey Decimal Classification | Historic collection | Historic collection | Historic collection | 20/09/2007 | MAP CABINET DRAWER 3 | 140402-2001 | 06/08/2019 | 1 | 06/08/2019 | Archive |